00585nam a2200193Ia 4500008004100000041001200041082001200053100001900065245006700084260003600151300000800187365000800195520001400203546001200217630006700229650001400296655001400310730006700324101110s9999 xx 000 0 und d aMARATHI bSR25510 aManerikar Arun aBharatiya aarthavyvasthechi dhorane aani bhavitvya , paper III c2002bSheth Publication, mumbai a472 b225 aEconomics aMARATHI aBharatiya aarthavyvasthechi dhorane aani bhavitvya , paper III aEconomics aEconomics aBharatiya aarthavyvasthechi dhorane aani bhavitvya , paper III